McGraw-Hill's Spanish and English legal dictionary : (Record no. 21501)
[ view plain ]
| 000 -LEADER | |
|---|---|
| fixed length control field | 00665nam a2200205 a 4500 |
| 005 - DATE AND TIME OF LATEST TRANSACTION | |
| control field | 20140310183329.0 |
| 008 - FIXED-LENGTH DATA ELEMENTS--GENERAL INFORMATION | |
| fixed length control field | 060815s19uu xx 00 eng d |
| 020 ## - INTERNATIONAL STANDARD BOOK NUMBER | |
| International Standard Book Number | 0071415297 |
| 050 ## - LIBRARY OF CONGRESS CALL NUMBER | |
| Classification number | K 52.S6 |
| Item number | .D335 2004 |
| 100 ## - MAIN ENTRY--PERSONAL NAME | |
| Personal name | Dahl, Henry Saint. |
| 245 ## - TITLE STATEMENT | |
| Title | McGraw-Hill's Spanish and English legal dictionary : |
| Remainder of title | diccionario Juridico Ingles-Español / |
| 260 ## - PUBLICATION, DISTRIBUTION, ETC. (IMPRINT) | |
| Place of publication, distribution, etc | New York : |
| Name of publisher, distributor, etc | McGraw-Hill, |
| Date of publication, distribution, etc | 2004. |
| 300 ## - PHYSICAL DESCRIPTION | |
| Extent | 490 p. : |
| Dimensions | 25 cm. |
| 650 ## - SUBJECT ADDED ENTRY--TOPICAL TERM | |
| Topical term or geographic name as entry element | Law |
| General subdivision | Dictionaries. |
| 650 ## - SUBJECT ADDED ENTRY--TOPICAL TERM | |
| Topical term or geographic name as entry element | Law |
| General subdivision | Dictionaries |
| -- | Spanish. |
| 650 ## - SUBJECT ADDED ENTRY--TOPICAL TERM | |
| Topical term or geographic name as entry element | English |
| General subdivision | Language |
| -- | Dictinaries |
| -- | Spanish. |
| 650 ## - SUBJECT ADDED ENTRY--TOPICAL TERM | |
| Topical term or geographic name as entry element | Spanish Language |
| General subdivision | Dictionaries |
| -- | English. |
| 942 ## - ADDED ENTRY ELEMENTS (KOHA) | |
| Koha item type | Books |
| Source of classification or shelving scheme | Library of Congress Classification |
| Withdrawn status | Lost status | Source of classification or shelving scheme | Damaged status | Home library | Current library | Shelving location | Date acquired | Source of acquisition | Total Checkouts | Full call number | Barcode | Date last seen | Copy number | Price effective from | Koha item type |
|---|---|---|---|---|---|---|---|---|---|---|---|---|---|---|---|
| Library of Congress Classification | College Library | College Library | Reference Section | 08/15/2006 | K 52.S6 .D335 2004 | C7436 | 06/19/2018 | 1 | 10/10/2013 | Books |